[Event "Wch Rapid"]
[Site "Dubai"]
[Date "2014.06.18"]
[Round "12"]
[White "Carlsen, Magnus"]
[Black "Anand, Viswanathan"]
[Result "0-1"]
[WhiteElo "2881"]
[BlackElo "2785"]
[Annotator "Vidit,S"]
[PlyCount "120"]
[EventDate "2014.06.16"]
[EventType "swiss (rapid)"]
[EventRounds "15"]
[EventCountry "UAE"]
[SourceTitle "CBM 160 Extra"]
[Source "ChessBase"]
[SourceDate "2014.07.01"]
[SourceVersion "1"]
[SourceVersionDate "2014.07.01"]
[SourceQuality "1"]

1. d4 {Something new, Finally !} d5 2. c4 c6 3. cxd5 $5 {Of all the lines
exchange variation was the least expected.} cxd5 4. Nc3 Nf6 5. Bf4 Nc6 6. e3
Bf5 7. Rc1 (7. Qb3 {is the more popular line nowadays}) 7... Rc8 8. Nf3 e6 9.
Qb3 Bb4 10. Bb5 Bxc3+ 11. bxc3 (11. Qxc3 $6 a6 12. Be2 Ne4 13. Qa3 g5 $36)
11... O-O 12. Bxc6 Rxc6 13. Qxb7 Qc8 14. Qxc8 Rfxc8 {Something has definitely
gone wrong for White.Black has not only solved the opening problems but also
has the intiative. Probably the hybrid of Rc1-Qb3-Bb5 isn't correct and allows
black a lot of time.} 15. Ne5 Rxc3 16. Rxc3 Rxc3 17. O-O h6 (17... Nh5 $5 {
was an artificial but an interesting option. If black manages to remove the
bishop and consolidate he will clearly be better.} 18. g4 $1 ({Interesting
complications follow after} 18. Bg5 f6 19. g4 fxe5 20. gxf5 exd4 21. fxe6 Rc6
$1 $36) 18... Nxf4 19. exf4 Bc2 20. Re1 $1 f6 21. Nd7 Rc4 22. Nc5 Rxd4 23. Nxe6
Ra4 24. f3 $44 {In my opinion white has sufficient activity for the pawn.}) 18.
h4 Ne4 19. g4 $1 {It is important to play actively and create some quick
counterplay.} Bh7 20. Rb1 g5 21. hxg5 hxg5 22. Bh2 Nd2 $1 {Engine at first
fails to understand and evaluate the position of Rook vs two pieces. Black is
actually in no danger at all as the activity of black's rook is always
sufficient for a draw.} 23. Rb8+ Kg7 24. Rb7 Be4 25. Rxf7+ Kg8 26. f3 Nxf3+ 27.
Rxf3 Bxf3 28. Nxf3 Rc1+ (28... Rxe3 29. Nxg5 Ra3 30. Nxe6 Rxa2 31. Nc5 a5 $11)
29. Kf2 Rc2+ 30. Ke1 Rxa2 31. Bd6 a5 32. Nxg5 a4 33. Kd1 Rb2 {Diagram [#]} 34.
Nxe6 $2 {You simply cannot explain such moves. 99/100 times Carlsen would play
the correct move, but apparently even the World Champion blunders! Any other
move would have drawn easily.} Rb6 35. Nf4 $4 {Actually this is the real
blunder ! Carlsen must have been so demoralized by missing Rb6 that he failed
to see that he can still save the game. The point is that immediate 35.Nc5 is
met with a3 and black wins, but White can invert the move order by playing 35.
Kc2! & then Nc5} (35. Kc2 $142 $1 Rxd6 36. Nc5 a3 37. Kb3 $11 {and the king
catches the pawn}) 35... Rxd6 36. Kc2 Rb6 $1 {Now the king is cut off and with
accurate play black managed to win the game} 37. Nxd5 Rb7 38. Nc3 a3 39. e4 Kf7
40. e5 Ke6 41. Kc1 Rc7 42. Kd2 Ra7 43. Na2 Rb7 44. Kc3 Rb8 45. g5 Kf5 {Now
white is in a type of zugwang as any move by King or the knight loses a piece.
Hence white has to slowly give up all of his pawns.} 46. d5 (46. Kc2 Rb2+) (46.
Nc1 Rc8+ 47. Kd2 Kxg5 $19) 46... Kxe5 47. g6 Kxd5 48. g7 Ke6 49. g8=Q+ Rxg8 50.
Kb3 Rg3+ 51. Kb4 Ke5 52. Nc3 Re3 53. Kc4 Kf5 54. Kb4 Kg4 55. Na2 Kf3 56. Nc3
Kg2 57. Nd5 Rf3 58. Nc3 Kf1 59. Kc4 Ke1 60. Kb4 Rh3 {Between these two the d4
games have clearly been more fighting and full of thrill compared to the dry
and ever-boring berlins. So, I hope & wish to see a lot 1.d4 games in the
upcoming WCH match. Fingers crossed ! :)} 0-1

[Event "Wch Blitz 8th"]
[Site "Dubai"]
[Date "2014.06.20"]
[Round "13"]
[White "Carlsen, Magnus"]
[Black "Anand, Viswanathan"]
[Result "1/2-1/2"]
[WhiteElo "2881"]
[BlackElo "2785"]
[Annotator "Vidit,S"]
[PlyCount "96"]
[EventDate "2014.06.19"]
[EventType "swiss (blitz)"]
[EventRounds "21"]
[EventCountry "UAE"]
[SourceTitle "CBM 160 Extra"]
[Source "ChessBase"]
[SourceDate "2014.07.01"]
[SourceVersion "1"]
[SourceVersionDate "2014.07.01"]
[SourceQuality "1"]

1. e4 e5 2. Nf3 Nc6 3. Bb5 Nf6 {Another berlin ! Both the players stick to
this solid unbreakable line. Perhaps there is some pyschological warfare?} 4.
d3 Bc5 5. Nbd2 Nd4 6. Nxd4 Bxd4 7. c3 Bb6 8. O-O c6 9. Ba4 O-O 10. Bb3 d5 11.
h3 dxe4 12. dxe4 Qe7 13. Qf3 Be6 $11 {Black has again managed to equalise
easily. For the next few moves the players keep manouevering to build some
initiative but the game always remained equal. A top level draw !} 14. Nc4 Nd7
15. Ne3 Bxe3 16. Bxe3 Rfd8 17. Rfd1 a6 18. Bxe6 Qxe6 19. Qg4 Qxg4 20. hxg4 h6
21. a4 Kf8 22. a5 Ke8 23. f3 Nf8 24. Bb6 Rxd1+ 25. Rxd1 Nd7 26. Be3 Rd8 27. Kf2
f6 28. Ke2 Nf8 29. Rh1 Ne6 $11 30. g3 Nf8 31. f4 Ng6 32. g5 exf4 33. gxf4 fxg5
34. fxg5 hxg5 35. Bxg5 Rd7 36. Rg1 Kf7 37. Be3 Nf8 38. Bd4 Ne6 39. Ke3 Rd8 40.
Be5 Rh8 41. Rg3 Rh1 (41... Rh5 $142 $1 {Anand could have actually won a pawn
with this move but I guess they both were under severe time pressure.}) 42.
Rf3+ Ke7 43. b4 Re1+ 44. Kd3 Rd1+ 45. Ke2 Rh1 46. Ke3 Re1+ 47. Kd3 Rd1+ 48. Ke2
Rh1 1/2-1/2

[Event "Wch Blitz 8th"]
[Site "Dubai"]
[Date "2014.06.20"]
[Round "18"]
[White "Carlsen, Magnus"]
[Black "Morozevich, Alexander"]
[Result "1/2-1/2"]
[WhiteElo "2881"]
[BlackElo "2731"]
[PlyCount "103"]
[EventDate "2014.06.19"]
[EventType "swiss (blitz)"]
[EventRounds "21"]
[EventCountry "UAE"]
[SourceTitle "CBM 160 Extra"]
[Source "ChessBase"]
[SourceDate "2014.07.01"]
[SourceVersion "1"]
[SourceVersionDate "2014.07.01"]
[SourceQuality "1"]

1. d4 Nf6 2. c4 c5 3. Nf3 cxd4 4. Nxd4 a6 5. Nc3 e6 6. e4 Qc7 7. a3 b6 8. Be3
Bb7 9. f3 Nc6 10. Rc1 Nxd4 11. Bxd4 Bd6 12. g3 h5 13. Qd2 h4 14. g4 Bf4 15. Be3
Bxe3 16. Qxe3 Qc5 17. Kf2 Bc6 18. Be2 a5 19. e5 Ng8 20. b4 axb4 21. axb4 Qxb4
22. Ra1 Ne7 23. Rxa8+ Bxa8 24. Rb1 Qa5 25. Qxb6 Qxb6+ 26. Rxb6 O-O 27. f4 g5
28. fxg5 Ng6 29. Rb5 Bc6 30. Ra5 Rb8 31. Nb5 Nxe5 32. Nd4 Ng6 33. Ke3 Rb2 34.
Rc5 Ne7 35. Ra5 Kg7 36. Ra7 Kg6 37. Nxc6 Nxc6 38. Rxd7 Ne5 39. Rd2 Rxd2 40.
Kxd2 Kxg5 41. Ke3 Nd7 42. Bf3 f5 43. gxf5 Kxf5 44. Bc6 Ne5 45. Be4+ Kf6 46. c5
Ng4+ 47. Kf4 Nxh2 48. c6 Ke7 49. Kg5 Kd6 50. Kxh4 Nf1 51. Kg5 Nd2 52. Bg2
1/2-1/2

[Event "Grenke Chess Classic 3rd"]
[Site "Baden-Baden"]
[Date "2015.02.08"]
[Round "6"]
[White "Caruana, Fabiano"]
[Black "Carlsen, Magnus"]
[Result "1/2-1/2"]
[WhiteElo "2811"]
[BlackElo "2865"]
[Annotator "CB"]
[PlyCount "52"]
[EventDate "2015.02.02"]
[EventType "tourn"]
[EventRounds "7"]
[EventCountry "GER"]
[EventCategory "20"]
[SourceTitle "CBM 165"]
[Source "ChessBase"]
[SourceDate "2015.03.11"]
[SourceVersion "1"]
[SourceVersionDate "2015.03.11"]
[SourceQuality "1"]

1. e4 e5 2. Nf3 Nc6 3. Bb5 Nf6 4. O-O Nxe4 5. d4 Nd6 6. Bxc6 dxc6 7. dxe5 Nf5
8. Qxd8+ Kxd8 9. h3 h6 10. Rd1+ Ke8 11. Nc3 Ne7 12. Bf4 Ng6 13. Bh2 Bb4 14. Ne2
Be7 15. Nfd4 Nf8 16. g4 h5 17. Nf5 Ne6 18. Kg2 b6 19. f3 c5 20. Bg3 Bg5 (20...
Bb7 {was also perfectly possible.}) 21. h4 hxg4 {and now the draw is forced}
22. hxg5 gxf3+ 23. Kxf3 Nxg5+ 24. Kf4 (24. Kg4 Nh3 {is risky for White:} 25. e6
Bxe6 26. Nf4 g6 27. Nxe6 gxf5+ 28. Kxf5 fxe6+ 29. Kg4 e5 $1 {with this key
move the knight from h3 is rescued and Black remains out a pawn, though
probably one that is very hard to convert.} 30. Bxe5 (30. Rd5 Ke7 $15) (30. Re1
Kd7 $1 $17) 30... Nf2+ $17) 24... Nh3+ 25. Ke4 Ng5+ 26. Kf4 Nh3+ 1/2-1/2

[Event "Grenke Chess Classic 3rd"]
[Site "Baden-Baden"]
[Date "2015.02.09"]
[Round "7"]
[White "Carlsen, Magnus"]
[Black "Bacrot, Etienne"]
[Result "1/2-1/2"]
[WhiteElo "2865"]
[BlackElo "2711"]
[Annotator "CB"]
[PlyCount "92"]
[EventDate "2015.02.02"]
[EventType "tourn"]
[EventRounds "7"]
[EventCountry "GER"]
[EventCategory "20"]
[SourceTitle "CBM 165"]
[Source "ChessBase"]
[SourceDate "2015.03.11"]
[SourceVersion "1"]
[SourceVersionDate "2015.03.11"]
[SourceQuality "1"]

1. d4 Nf6 2. Nf3 g6 3. Bg5 Bg7 4. Nbd2 O-O 5. e3 d6 6. Bc4 Nbd7 7. O-O Qe8 8.
a4 e5 9. a5 e4 10. Ne1 h6 11. Bh4 c6 12. Bb3 Nh5 13. f3 exf3 14. Qxf3 Ndf6 15.
Nd3 Bg4 16. Qf2 Be6 17. Bxe6 Qxe6 18. Qf3 g5 19. Bf2 g4 20. Qe2 Rae8 21. a6 b6
22. Rae1 Nd5 23. e4 f5 24. Qd1 fxe4 25. Rxe4 Qf5 26. Qxg4 Qxg4 27. Rxg4 Re2 28.
Rd1 Nhf6 29. Rg3 Nh5 30. Rf3 Rxf3 31. gxf3 Ne3 32. Bxe3 Rxe3 33. Nc4 Rxf3 34.
Nb4 b5 35. Na5 (35. Na3 $1 {Even though this move looks rather awkward, it is
actually very powerful. Once c6 falls so does b5, and then a7.} c5 36. Nc6 Rf7
37. Nxb5 $18) 35... c5 36. Nbc6 Rf7 37. Nb7 (37. dxc5 dxc5 38. Rd8+ Bf8 39. Ra8
$18 c4 40. b4 $1 {This key move locks out the bishop and gives White a winning
position.}) 37... Nf4 38. dxc5 dxc5 39. Nxa7 $2 {Too hasty! This gives Black
unexpected counterplay!} Bd4+ 40. Kh1 (40. Rxd4 Ne2+ $1 (40... cxd4 41. Nxb5
$18) 41. Kg2 Nxd4 42. c3 Rf6 $1 {And a6 falls, with White's winning chances
really.}) 40... Nh3 $1 {A miracle perpetual! White cannot escape the threats,
for now Nf2+ would win the rook.} 41. Kg2 (41. Ra1 Rg7 {gets White mated,
nearly, and is way too risky. The a-pawn is not that fast.}) 41... Nf4+ 42. Kg3
Ne2+ 43. Kg4 Rf4+ 44. Kh3 (44. Kh5 Rf5+ 45. Kxh6 $4 (45. Kg6 Rf6+ 46. Kh5 $11)
45... Nf4 $19) 44... Rf3+ 45. Kg4 Rf4+ 46. Kh3 Rf3+ 1/2-1/2

[Event "Wch Rapid"]
[Site "Berlin"]
[Date "2015.10.10"]
[Round "3"]
[White "Vallejo Pons, Francisco"]
[Black "Carlsen, Magnus"]
[Result "0-1"]
[WhiteElo "2684"]
[BlackElo "2850"]
[Annotator "CB"]
[PlyCount "95"]
[EventDate "2015.10.10"]
[EventType "swiss (rapid)"]
[EventRounds "15"]
[EventCountry "GER"]
[SourceTitle "CBM 168 Extra"]
[Source "ChessBase"]
[SourceDate "2015.10.29"]
[SourceVersion "1"]
[SourceVersionDate "2015.10.29"]
[SourceQuality "1"]

1. e4 e5 2. Nf3 Nc6 3. Bb5 a6 4. Ba4 Nf6 5. O-O Be7 6. Re1 b5 7. Bb3 d6 8. c3
O-O 9. h3 Nb8 10. d4 Nbd7 11. c4 c6 12. Nc3 b4 13. Na4 c5 14. d5 Re8 15. a3 a5
16. Bc2 Nf8 17. b3 Ng6 18. Nb2 Bd7 19. Be3 h6 20. Ra2 Nh7 21. Qd2 Ng5 22. Nxg5
Bxg5 23. axb4 Bxe3 24. Qxe3 axb4 25. Rea1 Rxa2 26. Rxa2 Nf4 27. Nd3 Qg5 28.
Nxf4 exf4 29. Qd3 Qe5 30. Qd1 Kf8 31. Kf1 Bc8 32. f3 Qg5 33. Qa1 Qg3 34. Bd1 h5
35. Ra7 h4 36. Qa5 $2 {[#]Gestattet Schwarz einen taktischen Schlag. Notwendig
war} (36. Qa4 {Spielt Schwarz dann wie in der Partie} Bxh3 37. gxh3 Qxh3+ 38.
Ke1 Qg3+ 39. Kd2 h3 {folgt} 40. Qd7 {und nach} Qg6 {hängt der Bauer auf h3.})
36... Bxh3 37. gxh3 Qxh3+ 38. Ke1 Qg3+ 39. Kd2 h3 {Die Idee des Läuferopfers:
Schwarz läuft mit seinem h-Bauern durch. Und gegen diesen Vormarsch ist Weiß
machtlos.} 40. Qc7 Qg6 41. Bc2 h2 42. e5 Qg2+ 43. Kc1 h1=Q+ 44. Kb2 Qh5 45.
Qxd6+ Kg8 46. Qe7 {Ein letzter Versuch, aber...} Qxc2+ $1 47. Kxc2 Rxe7 48. Ra1
0-1

[Event "Wch Rapid"]
[Site "Berlin"]
[Date "2015.10.12"]
[Round "12"]
[White "Carlsen, Magnus"]
[Black "Ivanchuk, Vassily"]
[Result "1-0"]
[WhiteElo "2850"]
[BlackElo "2726"]
[Annotator "CB"]
[PlyCount "151"]
[EventDate "2015.10.10"]
[EventType "swiss (rapid)"]
[EventRounds "15"]
[EventCountry "GER"]
[SourceTitle "CBM 168 Extra"]
[Source "ChessBase"]
[SourceDate "2015.10.29"]
[SourceVersion "1"]
[SourceVersionDate "2015.10.29"]
[SourceQuality "1"]

1. e4 e5 2. Nf3 Nf6 3. Nxe5 d6 4. Nf3 Nxe4 5. Nc3 Nxc3 6. dxc3 Be7 7. Be3 O-O
8. Qd2 Nd7 9. O-O-O c6 10. h4 d5 11. Bd3 Nc5 12. Bxc5 Bxc5 13. Rde1 Qf6 14. Nd4
Bd7 15. Re3 Rae8 16. Rf3 Qe5 17. Bf5 Bxf5 18. Nxf5 Re6 19. h5 Rfe8 20. Rd1 h6
21. a3 Be7 22. Nxe7+ R8xe7 23. g4 b5 24. Re3 Qg5 25. Rxe6 fxe6 26. Qxg5 hxg5
27. Kd2 Rf7 28. Ke3 e5 29. f3 Rf4 30. Rh1 Kh7 31. Re1 a5 32. Rh1 a4 33. Rg1 {
[#] Man kann sich eigentlich nicht vorstellen, dass Weiß das Endspiel
gewinnen kann.} Kg8 34. Rh1 Rf6 35. b3 Rf4 36. h6 g6 37. h7+ Kh8 38. Rh6 Rf6
39. bxa4 bxa4 40. c4 dxc4 41. Ke4 Rf4+ 42. Kxe5 Rxf3 43. Rxg6 Kxh7 44. Rxc6 Rc3
45. Kd5 Rxa3 46. Rxc4 Ra1 {[#] Carlsen hat in passiver Stellung einige
Aktivitär entwickelt, aber auch das hier entstandene Endspiel ist remis.} 47.
Kc5 Kg6 48. Kb4 Kf6 49. Re4 Ra2 50. c3 Rc2 51. Rc4 Ra2 52. Kb5 a3 53. Kb4 Ke5
54. Kb3 Ra1 55. Ra4 {"Schwupps, da war der Bauer weg." Objektiv ist das
Endspiel immer noch remis, aber es ist jetzt nicht einfacher geworden.} Rc1 56.
Rxa3 Kf4 57. Ra4+ Kf3 58. Rd4 Ke3 59. Kb4 Rf1 60. Kc5 Rf4 (60... Rf8 {hat
jemand mit Tiefe 106 auf Let's check als Remis errechnet. Der Textzug ist aber
auch noch OK.}) 61. Kd5 (61. Rxf4 gxf4 (61... Kxf4 62. Kd5 Kxg4 63. c4 Kf4 64.
c5 g4 65. c6 g3 66. c7 g2 67. c8=Q g1=Q 68. Qc4+ Kf3 $11) 62. g5 f3 63. g6 f2
64. g7 f1=Q 65. g8=Q Qa6 {ist Remis (Tablebases).}) 61... Kf3 $2 {Nun steht
der König dem Bauern, der auf der f-Linie auftaucht, im Weg.} (61... Rf7 62.
Rb4 Rf4 $11) 62. Rxf4+ gxf4 (62... Kxf4 63. c4 Kxg4 64. c5 Kf3 65. c6 g4 66. c7
g3 67. c8=Q g2 68. Qc5 Ke2 69. Qg1 $18) 63. g5 {Und nun ist es für Weiß
gewonnen.} Ke3 64. g6 f3 65. g7 f2 66. g8=Q f1=Q 67. Qe6+ Kd2 68. c4 Kc3 69.
Qe3+ Kb4 70. Qb6+ Kc3 71. Qd4+ Kb3 72. c5 Qf7+ 73. Kc6 Qe6+ 74. Kb7 Qe7+ 75.
Kb6 Qe6+ 76. c6 1-0

[Event "Wch Blitz 9th"]
[Site "Berlin"]
[Date "2015.10.13"]
[Round "4"]
[White "Carlsen, Magnus"]
[Black "Fressinet, Laurent"]
[Result "1-0"]
[WhiteElo "2850"]
[BlackElo "2702"]
[Annotator "Schulz,Andre"]
[PlyCount "87"]
[EventDate "2015.10.13"]
[EventType "swiss (blitz)"]
[EventRounds "21"]
[EventCountry "GER"]
[SourceTitle "CBM 168 Extra"]
[Source "ChessBase"]
[SourceDate "2015.10.29"]
[SourceVersion "1"]
[SourceVersionDate "2015.10.29"]
[SourceQuality "1"]

1. d4 Nf6 2. a3 g6 3. Bf4 d6 4. e3 Bg7 5. Nf3 O-O 6. Be2 b6 7. O-O Bb7 8. h3
Nbd7 9. c4 Ne4 10. Bh2 e5 11. d5 a5 12. b3 f5 13. Nfd2 Ndc5 14. Nxe4 Nxe4 15.
Ra2 Bc8 16. f3 Nc5 17. Nc3 Qg5 18. f4 Qe7 19. Nb5 Ba6 20. Kh1 Ne4 21. Rc2 exf4
22. exf4 Rae8 23. Bf3 Rf7 24. Nd4 Bc8 25. Nc6 Qh4 26. Bxe4 Rxe4 27. b4 axb4 28.
axb4 Bd7 29. c5 bxc5 30. bxc5 Bxc6 31. dxc6 dxc5 32. Rxc5 Bf8 33. Re5 Bd6 (
33... Re7 34. Qd5+ Kg7 $11) 34. Rxe4 fxe4 35. Qd4 Re7 $2 {[#] Mit seinem Zug
hat Schwarz die f-Linie verlassen, was sofort ausgenutzt wird.} 36. f5 $18 {
Probleme auf d6 und in der f-Linie.} Bxh2 37. Qd8+ Kf7 38. fxg6+ $2 (38. Kxh2
$18 {hält beide Optionen offen, f6 und fxg6.}) 38... Kxg6 39. Kxh2 e3 $2 (
39... Qg5 {und Schwarz hat alles unter Kontrolle.} 40. Qg8+ Kh6 41. Qf8+ Kg6
$11) 40. Qg8+ Kh6 41. Qf8+ Kg6 42. Qf5+ Kg7 43. g3 Qe4 44. Qf6+ {und Matt im
nächsten Zug.} 1-0

[Event "Wch Blitz 9th"]
[Site "Berlin"]
[Date "2015.10.13"]
[Round "6"]
[White "Carlsen, Magnus"]
[Black "Vachier Lagrave, Maxime"]
[Result "1-0"]
[WhiteElo "2850"]
[BlackElo "2758"]
[Annotator "Sagar Shah"]
[PlyCount "110"]
[EventDate "2015.10.13"]
[EventType "swiss (blitz)"]
[EventRounds "21"]
[EventCountry "GER"]
[SourceTitle "CBM 168 Extra"]
[Source "ChessBase"]
[SourceDate "2015.10.29"]
[SourceVersion "1"]
[SourceVersionDate "2015.10.29"]
[SourceQuality "1"]

{Competitively this was the most important game of the first day. Even though
Magnus Carlsen beat MVL and snatched the lead from the French player.} 1. Nf3
Nf6 2. g3 g6 3. Bg2 Bg7 4. O-O O-O 5. d4 d5 6. Nbd2 c6 7. b3 Bf5 8. Bb2 Nbd7 9.
c4 Ne4 10. e3 Nxd2 11. Nxd2 Nf6 12. Qe2 Qd7 13. Rac1 Rac8 14. Nf3 Bg4 15. Qe1
Bh3 16. Ne5 Qe6 17. cxd5 cxd5 18. Qb4 {Nothing special happened in the opening
but White has started to probe a little on the queenside.} Bxg2 19. Kxg2 b6 $6
(19... Rxc1 20. Rxc1 Ne4 $1 {This energetic play would have ensured equality.}
21. Qxb7 Bxe5 22. dxe5 Ng5 {the light squares are too weak.} 23. Kg1 Nf3+ 24.
Kg2 Ng5 $11) 20. Ba3 $1 Rfe8 21. Rxc8 Qxc8 22. Rc1 {White has perfect
co-ordination.} Qf5 (22... Qa6 {was better.}) 23. Qa4 Qe4+ 24. Kg1 Bh6 25. Re1
Qc2 26. Ng4 {This is tempting but you need to be Magnus Carlsen in order to
defend this position as White after winning the exchange.} Nxg4 27. Qxe8+ Kg7
28. Rf1 Bxe3 {It looks very dangerous for White but Magnus keeps his cool.} 29.
Qxe7 Bxf2+ 30. Kh1 {If the bishop could just move, there would be an
unstoppable mate on h2 but the f7 point is weak and there is no clear
finishing stroke available at Black's disposal.} Qe4+ 31. Qxe4 dxe4 32. d5 $1
e3 33. Bb4 (33. d6 e2 34. Rc1 e1=Q+ 35. Rxe1 Bxe1 36. d7 $18) 33... e2 34. Rc1
Kf6 35. d6 Ke6 (35... Ne5 36. Kg2 Ke6 {might have made White's task more
difficult but he is still better after} 37. Be1 $16) 36. Rc2 e1=Q+ 37. Bxe1
Bxe1 38. Re2+ Kxd6 39. Rxe1 {This endgame is easy for Magnus to convert.} Ne5
40. Kg2 f6 41. Rc1 Nc6 42. Kf3 a5 43. Ke4 Nb4 44. a3 Na6 45. Kd4 Nc7 46. Kc4
b5+ 47. Kd3 f5 48. Rc2 Ne6 49. Rc8 Nc5+ 50. Kc3 Kd5 51. Ra8 Ne4+ 52. Kc2 g5 53.
Rxa5 Kd4 54. Rxb5 f4 55. gxf4 gxf4 {Before Carlsen could make his move Maxime
resigned. Even though Magnus beat his rival in their head to head encounter,
at the end of the day it was MVL who finished a half point ahead of the World
Champion with 9.5/11.} 1-0

[Event "Wch Blitz 9th"]
[Site "Berlin"]
[Date "2015.10.13"]
[Round "11"]
[White "Carlsen, Magnus"]
[Black "Karjakin, Sergey"]
[Result "0-1"]
[WhiteElo "2850"]
[BlackElo "2762"]
[Annotator "Sagar Shah"]
[PlyCount "94"]
[EventDate "2015.10.13"]
[EventType "swiss (blitz)"]
[EventRounds "21"]
[EventCountry "GER"]
[SourceTitle "CBM 168 Extra"]
[Source "ChessBase"]
[SourceDate "2015.10.29"]
[SourceVersion "1"]
[SourceVersionDate "2015.10.29"]
[SourceQuality "1"]

{After a streak of 25 unbeaten games, Magnus Carlsen finally lost a game and
who was his vanquisher? Of course, the 2015 World Cup winner!} 1. d4 Nf6 2. Bf4
{The London system has gained a lot of prominence in this tournament with many
of top players like Carlsen and Kramnik essaying it.} d5 3. e3 e6 4. Nf3 c5 5.
c3 Nc6 6. Nbd2 Bd6 {Karjakin goes for the most solid set up not trying to do
anything outlandish.} 7. Bg3 O-O 8. Bb5 a6 9. Bxc6 bxc6 10. Ne5 Qc7 11. Nd3 c4
12. Bxd6 Qxd6 13. Nc5 e5 {White might have a nice knight on c5 but he hasn't
0-0 yet and Black has more center control.} 14. b3 cxb3 15. axb3 Re8 16. O-O
Ng4 $1 17. g3 (17. h3 exd4 18. hxg4 dxe3 $1 19. Nde4 Qe7 20. fxe3 dxe4 $15 {
Gives Black a small edge.}) 17... Qh6 18. h4 Ra7 19. Kg2 (19. Nf3 e4 20. Nh2
$14) 19... Rae7 20. Nf3 e4 21. Nh2 $6 (21. Ne1 {was much better.}) 21... Nxh2
22. Kxh2 g5 $1 {Karjakin doesn't miss an opportunity like this.} 23. Rh1 (23.
h5 f5 $36) 23... gxh4 24. Kg1 (24. Kg2 h3+ $17) 24... h3 25. Nxa6 Ra7 $1 26.
Nc5 Rxa1 27. Qxa1 Bg4 28. Kh2 Qf6 29. Qb2 $2 (29. Qe1 $17 {and White is still
fighting, although Black is clearly better.}) 29... Qf3 30. Rg1 Ra8 31. c4 {
Diagram [#] Black has an absolute killer here! Can you find it?} Kg7 $6 (31...
Ra1 $3 {This theme of deflection will end up in many beginner's books of
tactics. Extremely thematic.} 32. Rxa1 (32. Qxa1 Qxf2+ 33. Kh1 Bf3+) 32... Qg2#
) 32. cxd5 cxd5 33. b4 Rb8 (33... Ra1 $1) 34. Na6 Rb6 35. Nc7 Rxb4 36. Qa2 Ra4
(36... Rb1 $1 {with the same idea as shown in the variation with 31...Ra1.})
37. Qb2 Ra5 38. Ne8+ Kg6 39. Nc7 h5 40. Qc2 Kh7 41. Qb2 Qf6 42. Rc1 Qf3 43. Rg1
Qf5 44. Rc1 Ra7 45. Ne8 Qf3 46. Rg1 Ra6 47. Qc2 Re6 {The knight is trapped as
Nc7 can be met with Rc6. Sergey didn't find this rook to the first rank win on
many occasions but his position was so good that he could still beat the World
Champion.} 0-1